Dentofacial Deformities Integrated Othodontic and Surgical Correction Vol- I (Record no. 41025)

MARC details
000 -LEADER
fixed length control field 00393pam a2200145 a 4500
020 ## - INTERNATIONAL STANDARD BOOK NUMBER
International Standard Book Number 0-8016-7729-7
Terms of availability
041 ## - LANGUAGE CODE
Language code of original
082 ## - DEWEY DECIMAL CLASSIFICATION NUMBER
Classification number 617.643
Item number EPK
100 ## - MAIN ENTRY--PERSONAL NAME
Personal name Epker ,
Relator term B.N.,
245 ## - TITLE STATEMENT
Title Dentofacial Deformities Integrated Othodontic and Surgical Correction Vol- I
Medium Textual Documents
250 ## - EDITION STATEMENT
Edition statement 2nd.
260 ## - PUBLICATION, DISTRIBUTION, ETC.
Place of publication, distribution, etc. Missouri:
Name of publisher, distributor, etc. Mosby.,
Date of publication, distribution, etc. 1995.
300 ## - PHYSICAL DESCRIPTION
Extent 568:
Dimensions 28.5x22.5.
930 ## - EQUIVALENCE OR CROSS-REFERENCE-UNIFORM TITLE HEADING [LOCAL, CANADA]
Uniform title 1622
Holdings
Withdrawn status Lost status Damaged status Not for loan Collection Home library Current library Date acquired Source of acquisition Cost, normal purchase price Total Checkouts Full call number Barcode Date last seen Copy number Price effective from Koha item type
          Dental College & Hospital, Pune Dental College & Hospital, Pune 24/11/2010 Bharati Mad. Sahakari Grahak Bhandar 7900.00   617.643 EPK DCP-4420 24/02/2023 1 24/02/2023 Book